000 00521cam a22002171 4500
001 sa 68002523
003 DLC
005 20260227112444.0
008 890504s1963 np 000 0 newo
010 _asa 68002523
035 _a(OCoLC)19657039
040 _aDLC
_cWaU
_dDLC
042 _apremarc
050 0 0 _aPL3801.N56
_bB3
100 1 _aBajracharya, Barnabajra,
_d1921-
245 1 0 _aChayākaṃ.
260 _c[1963 or 4]
300 _a56 p.
_c19 cm.
500 _aIn Newari.
650 0 _aNewari literature.
999 _c78793
_d78793